000 00303nam a22001337a 4500
082 _a823
_bRAJ/C
100 _aRAJU ARUVAKKODU
245 _aCHINDANELIYUM KANDAN POOCHAYUM
260 _aNOORANAD
_bUNMA PUBLICATIONS
_c2001
300 _a48
520 _aSHORT STORY
650 _aSHORT STORY
942 _cBK
999 _c6952
_d6952